| 000 | 00438nam a2200157Ia 4500 | ||
|---|---|---|---|
| 003 | LK-CoDNM | ||
| 008 | 010623t1880 xxu||||| |||| 00| 1 eng d | ||
| 040 |
_aLK-CoDNM _dLK-CoDNM _eLK-CoDNM |
||
| 041 | _aeng | ||
| 080 | _a8 PP 29 | ||
| 245 | _aA Catalogue of books Periodicals and Serials | ||
| 260 |
_bTrubner and Company _aLondon _c1880 |
||
| 300 | _b79p., 21 cm | ||
| 500 | _aTrubners oriental and Linguistic Publications | ||
| 942 | _cBK | ||
| 999 |
_c82238 _d82238 |
||